[Event "Noisy le Grand op"]
[Site "Noisy le Grand"]
[Date "2003.??.??"]
[Round "2"]
[White "Le Bourhis, Yvon"]
[Black "Ignjatovic, Miroslav"]
[Result "0-1"]
[WhiteElo "1470"]
[BlackElo "1730"]
[PlyCount "120"]
[EventDate "2003.05.??"]
[EventType "swiss"]
[EventRounds "7"]
[EventCountry "FRA"]
[SourceTitle "EXT 2005"]
[Source "ChessBase"]
[SourceDate "2004.11.15"]
[SourceVersion "1"]
[SourceVersionDate "2004.11.15"]
[SourceQuality "1"]

1. e4 c5 2. c3 Nc6 3. d4 cxd4 4. cxd4 Nf6 5. Nc3 d5 6. exd5 Nxd5 7. Nxd5 Qxd5 8. Nf3 Bg4 9. Be2 Bxf3 10. Bxf3 Qd6 11. Be3 g6 12. 0-0 Bg7 13. Bxc6+ bxc6 14. b3 0-0 15. Rb1 Rfd8 16. Qd2 Bxd4 17. Bxd4 Qxd4 18. Qxd4 Rxd4 19. Rfd1 Rad8 20. Rxd4 Rxd4 21. h3 Kg7 22. a4 c5 23. Rc1 Rd5 24. Kf1 Kf6 25. Rb1 a5 26. Ke2 Ke5 27. Ke3 Rd4 28. Rc1 Kd5 29. g3 c4 30. bxc4+ Rxc4 31. Rd1+ Kc5 32. Rd8 Rxa4 33. Rf8 Ra3+ 34. Ke4 f5+ 35. Kf4 a4 36. Rf7 Kd6 37. Rxh7 e5+ 38. Kg5 Rf3 39. Ra7 a3 40. Ra6+ Kc5 41. Kxg6 Kb5 42. Ra8 e4 43. h4 Kb4 44. h5 Rxf2 45. h6 e3 46. h7 Rh2 47. h8Q Rxh8 48. Rxh8 a2 49. Rb8+ Kc3 50. Rc8+ Kd2 51. Rd8+ Kc2 52. Rc8+ Kd3 53. Rd8+ Ke4 54. Ra8 e2 55. Ra4+ Kf3 56. Ra3+ Kg4 57. Ra4+ Kh3 58. Rxa2 e1Q 59. Ra3 Qe6+ 60. Kh7 Qe7+ 0-1

[Event "Noisy le Grand op"]
[Site "Noisy le Grand"]
[Date "2003.??.??"]
[Round "6"]
[White "Le Bourhis, Yvon"]
[Black "Maitre, Valerie"]
[Result "1-0"]
[WhiteElo "1470"]
[BlackElo "1450"]
[PlyCount "129"]
[EventDate "2003.05.??"]
[EventType "swiss"]
[EventRounds "7"]
[EventCountry "FRA"]
[SourceTitle "EXT 2005"]
[Source "ChessBase"]
[SourceDate "2004.11.15"]
[SourceVersion "1"]
[SourceVersionDate "2004.11.15"]
[SourceQuality "1"]

1. e4 e5 2. Nf3 d6 3. d4 exd4 4. Nxd4 Nf6 5. Nc3 Nbd7 6. Bd3 c6 7. Bg5 Qb6 8. Nb3 Be7 9. Be3 Nc5 10. Bxc5 dxc5 11. Bc4 0-0 12. 0-0 Qc7 13. g3 b5 14. Be2 c4 15. Nd2 Bc5 16. b3 b4 17. Na4 Bd4 18. Rb1 cxb3 19. axb3 Rd8 20. Qc1 Qe5 21. Bf3 Be6 22. Re1 Rd7 23. Nc4 Bxc4 24. bxc4 a5 25. Qf4 Rad8 26. Qxe5 Bxe5 27. Nc5 Bc3 28. Nxd7 Bxe1 29. Nxf6+ gxf6 30. Rxe1 Rd2 31. Ra1 Rxc2 32. Rxa5 Rc1+ 33. Kg2 b3 34. Ra8+ Kg7 35. Rb8 Rc3 36. Bd1 Rxc4 37. Rxb3 Rxe4 38. Bf3 Rc4 39. Rb6 c5 40. Bd5 Rd4 41. Bf3 Rc4 42. Kf1 Rc1+ 43. Ke2 Rc2+ 44. Ke3 Rc3+ 45. Kf4 Kg6 46. Be4+ Kg7 47. Kf5 Rc1 48. f4 c4 49. Rxf6 Ra1 50. Rc6 Ra5+ 51. Kg4 Ra2 52. Rxc4 Rxh2 53. Rc5 Rh6 54. Rg5+ Kh8 55. Rf5 f6 56. Kf3 Kg7 57. Ra5 Kg8 58. Bd5+ Kg7 59. Ra7+ Kg6 60. g4 Rh3+ 61. Ke4 h5 62. Bf7+ Kh6 63. Bxh5 Rxh5 64. gxh5 Kxh5 65. Kf5 1-0